Polnische sprachwissenschaftliche Arbeiten zu Hinterpommern
| Titel: | Polnische sprachwissenschaftliche Arbeiten zu Hinterpommern |
|---|---|
| Verfasser: | |
| In: |
Onomastica Slavogermanica, Band 23 (1998), Seite 253-257 alle Artikel anzeigen |
| Veröffentlicht: | 1998 |
| Format: | Aufsatz |
| Sprache: | Deutsch |
X
alg: 39156666 001A $01999:11-11-16 001B $01999:15-05-21 $t20:59:42.000 001C $06050:19-11-16 $t08:51:22.000 001D $01999:11-11-16 001U $0utf8 001X $00 002@ $0Aox 003@ $0391566660 007A $0391566660 $aHEB 007T $0Herd16542 010@ $ager 011@ $a1998 021A $aPolnische sprachwissenschaftliche Arbeiten zu Hinterpommern 028A $aDuma $dJerzy 031A $d23 $h253-257 $j1998 039B $aIn $8--Abvc--. Onomastica Slavogermanica. - Stuttgart ; Leipzig : Hirzel, 1965-. - ISSN 0474-1471 $x199800000230000747 $9047296038 045F $a417.70943816 $eDDC23BSB 045F/01 $a417.7 045F/03 $g43816 045T $a7,11 $a7,39 045T $aLING $qDE-30 $2FID 045T $aGER $qDE-30 $2FID lok: 39156666 78 exp: 39156666 78 1 #EPN 201B/01 $003-04-17 $t17:57:44.000 201U/01 $0utf8 203@/01 $0787660892 208@/01 $a11-11-16 $be 209A/01 $a/ $f000 $x00 220C/01 $aTitelaufnehmer: ra;ja;as 244Z/01 $2Trx $#Pomeranija $#Pommern $#Pomoransko $#Pomořansko $#Hinterpommern;Vorpommern;Mittelpommern $#Pomorze Środkowe;Pomorze Przednie $#Pomořansko;Západní Pomořany; Pomořany $8--Trx--Pomorze Zachodnie $x01 $9391303775 244Z/01 $2Trx $#Germania Slavica $#"Germania Slavica" $#Germania Slavica $#Germania Slavica $#Germania Slavica $#Germania Slavica $#Germania Slavica $8--Trx--Germania Slavica $x02 $9391371002 244Z/01 $2Trx $#keeleteadus $#kalbotyra $#Linguistics $#nyelvtudomány $#językoznawstwo $#jazykoveda $#jazykověda $#Linguistik $#lingvistika $8--Trx--Sprachwissenschaft $x03 $939137124X 244Z/01 $2Trx $#nimeteadus teadused $#onomastika mokslas $#onomatology science $#névtan tudomány $#onomastyka nauka $#náuka o menách veda $#onomastika věda $#Onomastik $#onomastika $8--Trx--Namenkunde$gWissenschaft $x04 $9391361414 244Z/01 $2Trx $#keel, kašuubi $#kalba, kašubų $#Language, Kashubian $#nyelv, kasub $#język kaszubski $#jazyk kašubský $#jazyk kašubský $8--Trx--Sprache, kaschubische $x05 $9391368095 244Z/01 $2Trx $8--Trx--Zeitschriftenaufsatz $x06 $9391384341 245Z/01 $a11.07 $x01 247C/01 $82080>Marburg/Lahn, Herder-Institut, Forschungsbibliothek, Bibliographieportal $9336309341
| LEADER | 00000caa a22000002c 4500 | ||
|---|---|---|---|
| 001 | 391566660 | ||
| 003 | DE-603 | ||
| 005 | 20210515205942.0 | ||
| 007 | tu | ||
| 008 | 161111s1998 xx |||| | u00||u|ger c | ||
| 035 | |a (DE-599)HEB391566660 | ||
| 040 | |a DE-603 |b ger |c DE-603 |d DE-603 | ||
| 041 | |a ger | ||
| 082 | 0 | 4 | |8 1\u |a 417.70943816 |q DE-101 |2 23/BSB |
| 084 | |a 7,11 |a 7,39 |2 ssgn | ||
| 084 | |a LING |q DE-30 |2 fid | ||
| 084 | |a GER |q DE-30 |2 fid | ||
| 085 | |8 1\u |b 417.7 | ||
| 085 | |8 1\u |z 2 |s 43816 | ||
| 100 | 1 | |a Duma, Jerzy | |
| 245 | 0 | 0 | |a Polnische sprachwissenschaftliche Arbeiten zu Hinterpommern |
| 264 | 0 | |c 1998 | |
| 773 | 0 | 8 | |i In |t Onomastica Slavogermanica |d Stuttgart ; Leipzig : Hirzel, 1965- |h 24 cm |x 0474-1471 |g Band 23 (1998), Seite 253-257 |w (DE-603)047296038 |w (DE-600)207370-5 |
| 924 | 0 | |9 2080 |a (DE-603)787660892 |b DE-2080 |c HES |d d |g / | |


